|
|
|
|
| LEADER |
00000nab a2200000 a 4500 |
| 001 |
vtls000603736 |
| 003 |
SK-MaSNL |
| 005 |
20260303014410.0 |
| 008 |
160401c1996 xo 0 slo |
| 015 |
|
|
|a SNBRB19rr/mm-uuuuu
|
| 035 |
|
|
|a CL0603875
|
| 040 |
|
|
|a SNKBUCL
|b slo
|c SNKBUCL
|e AACR2
|
| 041 |
0 |
|
|a slo
|
| 044 |
|
|
|a xo
|c SK
|
| 080 |
|
|
|a 796.322.093.1
|2 1981
|
| 100 |
1 |
|
|a (mr)
|4 aut
|9 839700
|
| 245 |
1 |
0 |
|a Na úvod prehra s Ruskom
|b Turnaj hádzanárok o Sliezsky pohár
|c (mr)
|
| 650 |
0 |
7 |
|a hádzaná
|2 snkbucl
|9 3292
|
| 650 |
0 |
7 |
|a Sliezsky pohár 1996
|2 snkbucl
|9 996167
|
| 655 |
|
7 |
|a články z novín a časopisov
|2 snkbucl
|9 267496
|
| 773 |
0 |
|
|t Šport
|g Roč. 50, č. 272 (21. 11. 1996), s. 4
|
| 850 |
|
|
|a Slovenská národná knižnica v Martine
|a MTA001
|
| 852 |
|
|
|a SNK
|b KIS3GCP
|
| 958 |
|
|
|a SK
|
| 958 |
|
|
|a PL
|
| 958 |
|
|
|a RK
|
| 958 |
|
|
|a RBX
|
| 999 |
|
|
|c 1607428
|d 1609358
|